Controladores lógicos y autómatas programables (Registro nro. 23364)

Detalles MARC
000 -Cabecera
Campo de control interno 00453nam a2200181Ia 4500
005 - Fecha y hora del registro
control field 20260414150932.0
008 - Elementos de Longitud Fija
fixed length control field 260414t1999||||xx |||||||||||||| ||spa||
041 ## - Idioma
Codigo Idioma ESP
082 ## - DEWEY y NOTACIÓN INTERNA
Dewey 629.892
Notación Interna M22
100 ## - AUTOR
Autor denominación Mandado Pérez, Enrique
Término de relación autor
245 #0 - TÍTULO DE MATERIAL BIBLIOGRÁFICO
Título Controladores lógicos y autómatas programables
Título paralelo
260 ## - CIUDAD, EDITORIAL, AÑO
Año 1999
300 ## - DESCRIPCIÓN
N° Páginas 393 páginas :
Dimensiones 23 cm.
650 ## - TEMAS
Temas Ciencias Naturales
654 ## - PROGRAMAS
Programa Dpto. de Ciencias Naturales
942 ## - ELEMENTOS DE KOHA
Tipo de documento Libro
Nombre del creador Justo Noguera
Código de catalogador Justo Noguera
Esquema de clasificación Dewey Decimal Classification
Suppress in OPAC
Existencias
Codigo completo Registro Colección Copia número Disponibilidad Tipo de préstamo Biblioteca Actual Procedencia (Biblioteca) Ubicacón Fecha Ingreso Tipo de Adquisición Date last seen Total checkouts Price effective from Tipo de Item Estado del Material Damaged status Withdrawn status
629.892 M22 U0012987 Universidad Católica San Pablo 1 Disponible Disponible Víctor Andrés Belaunde Víctor Andrés Belaunde Segundo piso 14/04/2026 Compra 14/04/2026   14/04/2026 Libro Bueno